000 00860nam a2200241Ia 4500
999 _c44244
_d44244
003 GCL
005 20240530104032.0
008 140319s9999 xx 000 0 ara d
020 _a0452701977
040 _aGCL /
_cGCL
082 0 4 _a791.4
_bس س
100 1 _aساليه ، كريستيان
245 1 0 _aالسيناريو فى السينما الفرنسية /
_cاعداد كريستيان ساليه ؛ ترجمة دليلة سى العربى
250 _aالاولى
260 _aالقاهرة :
_bالهيئة المصرية العامة للكتاب ،
_c1995
300 _a143 ص ؛
_c24 سم
490 _aالالف كتاب الثانى
_v0
650 0 4 _aالافلام السينمائية
650 0 4 _aالسينما
650 0 4 _aالسينما الفرنسية
700 1 _aدليلة سى العربى
942 _2ddc
_cBK